[Event "It (open) \"]
[Site "masterchessopen.com Izmir (Turkey)"]
[Round "7"]
[White "Gogochuri Levan (GEO)"]
[Black "Gurcan Selim (TUR)"]
[Result "1-0"]
[WhiteElo "2210"]
[BlackElo "2290"]

1.d4 Nf6 2.Nf3 g6 3.g3 Bg7 4.Bg2 O-O 5.c4 d6 6.Nc3 Nc6 7.O-O a6 8.h3 Bd7 9.e4
e5 10.dxe5 dxe5 11.b3 h6 12.Bb2 Be6 13.Qe2 Nh7 14.Rad1 Qc8 15.Nd5 Ng5 16.Nxe5
Bxd5 17.Rxd5 Nxe5 18.Bxe5 Bxe5 19.Rxe5 Nxh3+ 20.Kh2 Ng5 21.f4 Ne6 22.Bh3 Re8
23.Rd1 c6 24.c5 f6 25.Rxe6 Rxe6 26.Qc4 {#r} 1-0

[Event "It (open)"]
[Site "masterchessopen.com Marianske Lazne (Czech Republic)"]
[Round "6"]
[White "Sergeev Vladimir (UKR)"]
[Black "Toman Jaroslav (CZE)"]
[Result "1-0"]
[WhiteElo "2431"]
[BlackElo "2147"]

1.d4 d6 2.g3 g6 3.Bg2 Bg7 4.Nf3 Nf6 5.O-O O-O 6.c4 Nc6 7.Nc3 a6 8.Re1 Rb8 9.a3
b5 10.cxb5 axb5 11.b4 e5 12.dxe5 Ng4 13.Bg5 Qd7 14.Rc1 h6 15.Nd5 Kh8 16.Nf6
Nxf6 17.exf6 hxg5 18.fxg7+ Kxg7 19.Nxg5 Ne5 20.Qd4 f6 21.Qa7 {#r} 1-0

[Event "Cup Slovakia"]
[Site "masterchessopen.com Martin (Slovakia)"]
[Round "5"]
[White "Stohl Igor (SVK)"]
[Black "Vrana Frantisek (CZE)"]
[Result "1-0"]
[WhiteElo "2561"]
[BlackElo "2271"]

1.d4 Nf6 2.c4 g6 3.g3 Bg7 4.Bg2 O-O 5.Nc3 d6 6.Nf3 Nc6 7.O-O a6 8.Re1 Rb8
9.Rb1 Na5 10.Qa4 c5 11.dxc5 dxc5 12.Bf4 Bd7 13.Qc2 Rc8 14.Ne5 Bf5 15.e4 Be6
16.Rbd1 Nd7 17.Nxd7 Bxd7 18.e5 Qe8 19.Nd5 Bf5 20.Qc3 Nc6 21.Nf6+ exf6 22.exf6
Bh8 23.Rxe8 Rfxe8 24.Bxc6 Rxc6 25.Rd6 {#r} 1-0

[Event "Ch World (juniors) (under 20)"]
[Site "masterchessopen.com Nakhichevan (Azerbaijan)"]
[Round "9"]
[White "Harikrishna P (IND)"]
[Black "Guseinov Gadir (AZE)"]
[Result "1-0"]
[WhiteElo "2612"]
[BlackElo "2552"]

{ } 1.d4 { 1 } 1...Nf6 2.Nf3 g6 3.g3 Bg7 4.Bg2 O-O 5.O-O d6 6.c4 Nc6 7.Nc3 a6
8.e4 Bg4 { = } 9.h3 ( 9.Be3 Nd7 10.Ne2 Na5 11.Rc1 c5 12.b3 Nc6 13.d5 Nb4 14.a3
Bxf3 15.Bxf3 Nd3 16.Rc2 b5 17.Nc3 bxc4 18.bxc4 Nb2 19.Rxb2 Bxc3 20.Rb7 Rb8
21.Qb3 Qa5 22.Bh6 Bg7 23.Bg5 Rfe8 24.Kg2 h6 25.Be3 Nb6 26.Rxb8 Rxb8 27.Rb1 Nd7
28.Qd3 Rxb1 { ...1/2-1/2, Avrukh Boris 2584 - Bologan Viktor 2684 , Istanbul
2003 Ch Europe } ) 9...Bxf3 10.Bxf3 e5 ( 10...Nd7 11.Be3 e5 12.d5 Nd4 13.Bg2
c5 14.Rb1 Qa5 15.Bd2 Qc7 16.b4 Nb6 17.bxc5 dxc5 { 0-1, Philippe George 2200 -
Petrosian Tigran V 2645 , Skopje 1972 Olympiad } ) 11.dxe5 ( 11.d5 Nd4 12.Bg2
Nd7 ( 12...Re8 13.Rb1 { } ) 13.Ne2 c5 14.dxc6 bxc6 15.b4 Qb6 16.Bd2 f5 17.Nxd4
exd4 18.exf5 Rxf5 19.Qb3 Kh8 20.Rae1 Raf8 21.f4 R5f7 22.Kh2 Bf6 23.Qd3 a5
24.a3 Rc8 25.Re6 axb4 26.axb4 c5 27.b5 Nf8 28.Ree1 Ra7 29.Ra1 Rcc7 30.Rfe1 Re7
{ ...1-0, Skatchkov Pavel 2420 - Haselhorst Helmut 2200 , Nizhnij Novgorod
1998 Cup Russia } ) ( 11.Ne2 Re8 12.d5 Nd4 13.Bg2 c5 14.dxc6 bxc6 15.Nxd4 exd4
16.e5 dxe5 17.Bxc6 Rc8 18.Bxe8 Nxe8 19.b3 e4 20.Bb2 h5 21.Qd2 Nc7 22.Rfe1 f5
23.Qa5 h4 24.g4 Ne6 25.Qxa6 Nf4 26.Rad1 d3 27.Bxg7 Kxg7 28.Qa7+ Rc7 29.Qe3 Qd6
30.gxf5 gxf5 { ...1-0, Budraitis Audrius 2265 - Ardeleanu Alin 2370 , Police
1992 It (open) } ) 11...dxe5 ( 11...Nxe5 12.Be2 { } 12...Re8 13.Kh2 c6 14.a4
Ned7 15.Bf3 Nc5 16.Qc2 Nfd7 17.Bd2 Ne5 18.Be2 Ne6 19.Be3 c5 20.Nd5 Nc6 21.Bd3
a5 22.Rae1 Ned4 23.Qd1 Nb4 24.Nxb4 axb4 25.f4 Nc6 26.Re2 Bd4 27.Bc1 Re7 28.b3
Qf8 29.Bd2 Rae8 30.Kg2 Qg7 31.f5 { ...0-1, Hoang Thanh Trang 2200 - Timoshenko
Georgy 2540 , Cheliabinsk 1990 It (cat.7) } ) 12.Be3 Nd4 { } 13.Bg2 Qe7 { N }
( 13...c5 14.Kh2 h5 15.Qd2 Nd7 16.Rae1 Ne6 17.h4 Nd4 18.Nd5 Nb6 19.b3 Nxd5
20.cxd5 Qd6 21.f4 f5 22.fxe5 Bxe5 23.Bf4 Bxf4 24.Qxf4 Qxf4 25.Rxf4 fxe4
26.Rfxe4 Rf2 27.Kg1 Rxa2 28.d6 Nc6 29.d7 Nd8 30.Re8+ Kf7 31.Bxb7 Rb8 32.Bd5+ {
1-0, Sinervuo Veli-Pekka - Raisa Unto 2191 , Jyvaskyla 1999 It "Heart of
Finland" } ) 14.Bxd4 Rfd8 15.Nd5 Nxd5 16.cxd5 exd4 17.Rc1 c6 18.dxc6 bxc6
19.Qd3 Qb4 20.Rc2 a5 { ?! } ( 20...Qb5 { !? } 21.Rd1 c5 22.f4 Qxd3 { } )
21.Rfc1 Qa4 22.e5 Ra7 { ? } ( { ? } 22...Qxa2 23.f4 Rab8 24.b4 Qa4 { } )
23.Rxc6 { ! } ( 23.f4 { ? } 23...Qxa2 24.Bxc6 Rc7 25.b4 { } ) 23...Qxa2 24.Rd6
{ ! } ( 24.Rc8 { ? } 24...Rd7 25.R8c2 Bxe5 26.b4 { } ) 24...Re8 25.Qb5 { }
{#r} 1-0

[Event "Ch SibFO "]
[Site "masterchessopen.com Novosibirsk (Russia)"]
[Round "6"]
[White "Bocharov Dmitry (RUS)"]
[Black "Obolenskikh Dmitry (RUS)"]
[Result "1-0"]
[WhiteElo "2574"]
[BlackElo "2383"]

1.d4 Nf6 2.Nf3 g6 3.c4 Bg7 4.g3 O-O 5.Bg2 d6 6.O-O Nc6 7.Nc3 a6 8.Qd3 e5
9.dxe5 dxe5 10.Qxd8 Rxd8 11.Bg5 Be6 12.Nd2 h6 13.Bxf6 Bxf6 14.Nde4 Be7 15.Nd5
Bxd5 16.cxd5 Nb4 17.Nc3 c6 18.dxc6 Nxc6 19.Nd5 Bc5 20.Rac1 Bd4 21.b4 Kf8 22.e3
Ba7 23.a4 Rab8 24.b5 Ne7 25.b6 Nxd5 26.bxa7 Ra8 27.Rfd1 {#r} 1-0

[Event "Ch Asturias"]
[Site "masterchessopen.com Oviedo (Spain)"]
[Round "7"]
[White "Monge Garcia Carlos Eloy (ESP)"]
[Black "Canteli Martinez Daniel (ESP)"]
[Result "0-1"]
[WhiteElo "1950"]
[BlackElo "2047"]

1.Nf3 Nf6 2.c4 g6 3.Nc3 Bg7 4.g3 O-O 5.Bg2 d6 6.O-O Nc6 7.d4 a6 8.d5 Na5 9.Qa4
c5 10.dxc6 Nxc6 11.Rd1 Bd7 12.a3 Nd4 13.Qb4 a5 14.Qxb7 Bc6 15.Nxd4 Bxb7
16.Bxb7 Rb8 17.Bf3 Qb6 18.Nc6 Rbe8 19.b4 Ng4 20.c5 dxc5 21.Nd5 Qxc6 22.Rb1 Qa4
23.Bg5 Nf6 24.Nb6 Qxa3 25.Bc1 Qa2 26.Rb2 Qe6 27.bxa5 Rd8 28.Re1 Ne4 29.Rb1 Bc3
30.Bh6 Bxa5 {#R} 0-1

[Event "It (open)"]
[Site "masterchessopen.com Poznan (Poland)"]
[Round "5"]
[White "Stempin Pawel (POL)"]
[Black "Szelag Marcin (POL)"]
[Result "0-1"]
[WhiteElo "2393"]
[BlackElo "2476"]

1.d4 Nf6 2.Nf3 g6 3.c4 Bg7 4.g3 O-O 5.Bg2 d6 6.Nc3 Nc6 7.O-O a6 8.Bd2 Rb8
9.Qc1 Bg4 10.d5 Na5 11.b3 c5 12.dxc6 Nxc6 13.Bh6 Qa5 14.Bxg7 Kxg7 15.Rd1 Rfc8
16.Qb2 Kg8 17.Nd5 Nxd5 18.Rxd5 Qb4 19.Rad1 Be6 20.R5d2 Qa5 21.h4 h6 {#R} 0-1

[Event "It (open)"]
[Site "masterchessopen.com Vienna (Austria)"]
[Round "6"]
[White "Havlicek Josef (AUT)"]
[Black "Van Delft Merijn (NED)"]
[Result "0-1"]
[WhiteElo "2158"]
[BlackElo "2385"]

1.Nf3 Nf6 2.g3 g6 3.Bg2 Bg7 4.O-O O-O 5.d4 d6 6.c4 Nc6 7.Nc3 a6 8.e4 Rb8 9.d5
Na5 10.Qd3 c5 11.Bd2 b5 12.b3 bxc4 13.bxc4 Rb4 14.e5 Ng4 15.Ne4 Nxc4 16.Bxb4
Ncxe5 17.Nxe5 Nxe5 18.Qc3 cxb4 19.Qxb4 Nd3 20.Qa3 Bxa1 21.Rxa1 Ne5 22.Rb1 Qc7
23.f4 Qa7+ 24.Kh1 Ng4 25.h3 Ne3 {#R} 0-1

[Event "Ch Vietnam (juniors) (under 17) (g)"]
[Site "masterchessopen.com Vjetnam"]
[Round "7"]
[White "Pham Thi Hai Yen (VIE)"]
[Black "Luong Minh Hue (VIE)"]
[Result "0-1"]
[WhiteElo "2154"]
[BlackElo "2133"]

1.d4 Nf6 2.c4 g6 3.g3 Bg7 4.Bg2 d6 5.Nf3 O-O 6.O-O Nc6 7.Nc3 a6 8.a3 Rb8 9.e4
b5 10.cxb5 axb5 11.b4 Bg4 12.Be3 e5 13.d5 Nd4 14.Bxd4 exd4 15.Ne2 Nxe4
16.Nexd4 Ng5 17.Nc6 Qf6 18.Nxb8 Rxb8 19.Rc1 Nxf3+ 20.Bxf3 Bxf3 21.Qd3 g5 22.h3
h5 23.Rxc7 g4 24.h4 Qe5 25.Qd2 Qxd5 26.Qc1 {#R} 0-1

[Event "Ch NRW (2 liga)"]
[Site "masterchessopen.com Germany"]
[Date "2003.05.04"]
[Round "9"]
[White "Steinbacher Matthias Dr (GER)"]
[Black "Kiseleva Natalia (UKR)"]
[Result "1-0"]
[WhiteElo "2327"]
[BlackElo "2290"]

1.d4 Nf6 2.Nf3 g6 3.g3 Bg7 4.Bg2 O-O 5.O-O d6 6.c4 Nc6 7.Nc3 a6 8.h3 Rb8 9.e4
Nd7 10.Be3 Na5 11.Qa4 c5 12.dxc5 dxc5 13.e5 b5 14.cxb5 axb5 15.Qh4 Nxe5
16.Nxe5 Bxe5 17.Rad1 Bd7 18.Bxc5 Bf6 19.Qb4 Nb7 20.Ne4 Re8 21.Nxf6+ exf6
22.Ba7 Ra8 23.Qd4 {#r} 1-0

[Event "It (open) \"]
[Site "masterchessopen.com Berlin (Germany)"]
[Date "2003.08.21"]
[Round "6"]
[White "Schmarr Denis (GER)"]
[Black "Koenig Frank (GER)"]
[Result "0-1"]
[WhiteElo "1970"]
[BlackElo "2024"]

1.d4 Nf6 2.c4 g6 3.Nc3 Bg7 4.g3 O-O 5.Bg2 d6 6.Nf3 Nc6 7.O-O a6 8.a3 Rb8 9.Qc2
Bg4 10.e3 Qd7 11.Nd2 e5 12.d5 Ne7 13.b4 b5 14.e4 bxc4 15.Nxc4 Bh3 16.f4 exf4
17.Bxf4 Nh5 18.Be3 Bxg2 19.Kxg2 f5 20.exf5 Nxf5 21.Bg5 h6 22.Bd2 Nh4+ 23.Kh1
Nxg3+ {#R} 0-1

[Event "It (open)"]
[Site "masterchessopen.com Pic d'Anie (France)"]
[Round "5"]
[White "Malakhatko Vadim (BEL)"]
[Black "Zozulia Anna (BEL)"]
[Result "1-0"]
[WhiteElo "2571"]
[BlackElo "2412"]

1.d4 Nf6 2.c4 g6 3.Nf3 Bg7 4.g3 O-O 5.Bg2 d6 6.O-O Nc6 7.Nc3 a6 8.d5 Na5 9.b3
c5 10.dxc6 Nxc6 11.Bb2 Bf5 12.Qc1 Rc8 13.Rd1 Qa5 14.Nd5 Nxd5 15.Bxg7 Kxg7
16.Rxd5 Qc7 17.Qb2+ Kg8 18.Rad1 Be6 19.R5d2 b5 20.cxb5 axb5 21.Nh4 Qa5 {#r}
1-0

[Event "Cup Rilton"]
[Site "masterchessopen.com Stockholm (Sweden)"]
[Round "5"]
[White "Livner Anders (SWE)"]
[Black "Acs Peter (HUN)"]
[Result "0-1"]
[WhiteElo "2250"]
[BlackElo "2521"]

1.d4 Nf6 2.c4 g6 3.g3 Bg7 4.Bg2 O-O 5.Nf3 d6 6.O-O Nc6 7.Nc3 a6 8.Bg5 h6 9.Bd2
e5 10.d5 Nd4 11.e3 Nxf3+ 12.Bxf3 Nd7 13.Bg2 f5 14.f4 e4 15.b4 c5 16.Rb1 cxb4
17.Rxb4 Nc5 18.Na4 b5 19.cxb5 Nd3 20.b6 Nxb4 21.Bxb4 a5 22.Bd2 Bd7 23.b7 Rb8
24.Qb3 Bxa4 25.Qxa4 Rxb7 26.Rc1 Rb2 27.Bxa5 Qa8 28.Bf1 Qa7 29.Qa3 Rxa2 30.Qxa2
Qxe3+ {#R} 0-1

[Event "Bayern Regionalliga Southeast 2003/04"]
[Site "masterchessopen.com Bayern (Germany)"]
[Date "2004.01.18"]
[Round "5"]
[White "Soergel Thomas (GER)"]
[Black "Trapp Sascha (GER)"]
[Result "0-1"]
[WhiteElo "2117"]
[BlackElo "1992"]

1.c4 Nf6 2.Nc3 g6 3.d4 Bg7 4.g3 O-O 5.Bg2 d6 6.Nf3 Nc6 7.O-O a6 8.d5 Na5 9.Nd2
c5 10.a3 Qc7 11.e4 Bd7 12.Qe2 Rfc8 13.Rb1 Rab8 14.a4 Ne8 15.Qd3 b5 16.axb5
axb5 17.b3 bxc4 18.bxc4 Rxb1 19.Ndxb1 Qb6 20.Nd1 Nxc4 21.Nbc3 Qb3 22.Qb1 Rb8
23.Qxb3 Rxb3 24.Ne2 Bb5 25.Re1 Ne5 26.Ne3 Bxe2 27.Rxe2 Rb1 {#R} 0-1

[Event "It (open) \"]
[Site "masterchessopen.com Moscow (Russia)"]
[Date "2004.02.18"]
[Round "2"]
[White "Zhang Zhong (SIN)"]
[Black "Sandipan Chanda (IND)"]
[Result "1-0"]
[WhiteElo "2596"]
[BlackElo "2543"]

{ Sandipan Chanda (IND) +0 =0 -1 } 1.d4 { 1 } 1...Nf6 2.c4 g6 3.Nf3 Bg7 4.g3
O-O 5.Bg2 d6 6.O-O Nc6 7.Nc3 a6 8.h3 Bd7 9.e4 e5 10.dxe5 { ?/= } 10...Nxe5 (
10...dxe5 11.Be3 Be6 12.Qa4 Qc8 13.Kh2 Rd8 14.Rfd1 Rxd1 15.Rxd1 h6 16.c5 Qf8
17.Nd5 Ne8 18.b4 Rd8 19.b5 axb5 20.Qxb5 Bc8 21.Qc4 Nb8 22.Qc1 Kh7 23.Rd2 Na6
24.c6 Nd6 25.cxb7 Bxb7 26.Rb2 Bxd5 27.exd5 Nf5 28.Rb5 e4 29.Ng1 Qe8 30.a4 {
...1/2-1/2, Bocharov Dmitry 2565 - Bologan Viktor 2679 , Moscow 21. 2.2004 It
(open) "Aeroflot" } ) 11.Nxe5 dxe5 12.Be3 { } ( 12.Qb3 Qc8 13.Kh2 Be6 14.a4 b5
15.Nd5 Qb7 16.axb5 axb5 17.Rxa8 Rxa8 18.Qxb5 Qxb5 19.cxb5 Bxd5 20.exd5 Rb8
21.d6 cxd6 22.Bc6 d5 23.f4 e4 24.Be3 d4 25.Bxd4 Ng4+ 26.hxg4 Bxd4 27.b3 e3
28.Kg2 Kf8 29.Kf3 Ke7 30.g5 Rd8 31.Rh1 Bb6 { ...1/2-1/2, Orel Oskar 2349 -
Srebrnic Marko 2199 , Bled 2001 It (open) } ) ( 12.Qf3 c6 { } ) 12...Be6
13.Qe2 Nd7 { N } ( 13...Qc8 14.Kh2 c6 15.Rac1 b5 16.cxb5 axb5 17.Nd5 Qb7
18.Rxc6 Bxd5 19.exd5 e4 20.Rc5 Rxa2 21.Rxb5 Qa6 22.Rd1 Rd8 23.Bf1 h5 24.Bg5
Qa4 25.Rd2 Ra1 26.Bg2 Re8 27.d6 Nd7 28.Rb7 f6 29.Be3 Rb1 30.Ra7 Qc6 31.Rc2 {
1-0, Ilincic Zlatko 2545 - Pikula Dejan 2465 , Niksic 1997 Ch Yugoslavia } )
14.Rfd1 c6 15.Nd5 f5 16.exf5 gxf5 { ?! } ( 16...Rxf5 { !? } 17.Nc3 Qe7 18.Ne4
Rff8 { } ) 17.Nb6 Rb8 18.Nxd7 Bxd7 19.Rd2 { ?! } ( 19.Bc5 { !? } 19...Rf7
20.Bf3 b6 21.Bd6 { } ) 19...Rf7 { ?! } ( 19...Qe7 { !? } 20.b4 Qf7 21.Ba7 Ra8
{ } ) 20.Qh5 f4 21.Bc5 fxg3 22.Be4 { ? } ( { ? } 22.Rad1 Qc8 23.Be4 Bf8
24.Bxf8 { } ) 22...gxf2+ { ?? } ( { ? } 22...Bf8 23.Bxf8 Qxf8 24.fxg3 Bf5 { }
) 23.Bxf2 Bf8 24.Kh1 { ! } ( 24.Ba7 Rg7+ 25.Rg2 h6 26.Bxb8 { } ) 24...Bf5
25.Bxf5 Qf6 26.Rg1+ Kh8 27.Be4 Qxf2 28.Qxe5+ Qf6 29.Qxb8 { } {#r} 1-0

[Event "It (open) \"]
[Site "masterchessopen.com Moscow (Russia)"]
[Date "2004.02.19"]
[Round "3"]
[White "Ogloblin Nikolay (RUS)"]
[Black "Erdogdu Mert (TUR)"]
[Result "1-0"]
[WhiteElo "2447"]
[BlackElo "2393"]

1.d4 Nf6 2.Nf3 g6 3.c4 Bg7 4.g3 O-O 5.Bg2 d6 6.O-O Nc6 7.Nc3 a6 8.b3 Rb8 9.Bb2
b5 10.cxb5 axb5 11.d5 Na5 12.Nd4 b4 13.Na4 Bb7 14.e4 Ba6 15.Re1 c5 16.e5 cxd4
17.exf6 Bxf6 18.Bxd4 Qd7 19.Bxf6 exf6 20.Qd4 f5 21.h4 h5 22.Rac1 Rb7 23.Kh2
Rc8 24.Nb6 Rxc1 25.Rxc1 {#r} 1-0

[Event "Ch Ukraine (juniors) (under 18) (g)"]
[Site "masterchessopen.com Lvov (Ukraine)"]
[Date "2004.02.25"]
[Round "8"]
[White "Hryhorenko Nataliya (UKR)"]
[Black "Berdiugina Elena (UKR)"]
[Result "1-0"]
[WhiteElo "2321"]
[BlackElo "2120"]

1.d4 g6 2.Nf3 Bg7 3.g3 Nf6 4.c4 O-O 5.Bg2 d6 6.O-O Nc6 7.Nc3 a6 8.b3 Rb8 9.Nd5
Bg4 10.Bb2 Qd7 11.Ne3 Bh3 12.d5 Nd8 13.Qc2 Bxg2 14.Kxg2 e5 15.dxe6 fxe6 16.c5
d5 17.Ne5 Qe8 18.c6 bxc6 19.Rac1 Ne4 20.f3 Nd6 21.N3g4 a5 22.Nxc6 Bxb2 23.Qxb2
Nxc6 24.Nh6# 1-0

[Event "It (open)"]
[Site "masterchessopen.com Mallorca (Spain)"]
[Date "2004.02.26"]
[Round "7"]
[White "Gaya Llodra Joan"]
[Black "Aloma Vidal Robert (ESP)"]
[Result "0-1"]
[WhiteElo "2230"]
[BlackElo "2297"]

1.d4 Nf6 2.Nf3 g6 3.g3 Bg7 4.Bg2 O-O 5.c4 d6 6.O-O Nc6 7.Nc3 a6 8.h3 Rb8 9.e4
Nd7 10.Bg5 Na5 11.Qc1 f6 12.Bh6 Bxh6 13.Qxh6 Nxc4 14.Nh4 Qe8 15.Nd5 c6 16.Nc7
Qf7 17.Rac1 Nxb2 18.Rc2 Na4 19.d5 Ndc5 20.e5 fxe5 21.dxc6 bxc6 22.Bxc6 Bb7
{#R} 0-1

[Event "It (open)"]
[Site "masterchessopen.com Cappelle la Grande (France)"]
[Date "2004.03.05"]
[Round "8"]
[White "Lagowski Patryk (POL)"]
[Black "Ferrant Christophe (FRA)"]
[Result "1-0"]
[WhiteElo "2406"]
[BlackElo "2240"]

1.d4 Nf6 2.Nf3 g6 3.c4 Bg7 4.Nc3 O-O 5.g3 d6 6.Bg2 Nc6 7.O-O a6 8.b3 Rb8 9.Nd5
b5 10.Nxf6+ Bxf6 11.Bh6 Re8 12.cxb5 axb5 13.Rc1 Bd7 14.d5 Ne5 15.Nxe5 Bxe5
16.Qd2 b4 17.h4 Bc3 18.Qd1 Bf5 19.Bd2 Bb2 20.Rc4 Ra8 21.e4 Bd7 22.Qc2 Rxa2
{#r} 1-0

[Event "Ch Russia (juniors) (under 14)"]
[Site "masterchessopen.com Dagomys (Russia)"]
[Round "6"]
[White "Inozemtsev Arsen (RUS)"]
[Black "Serov Maksim (RUS)"]
[Result "0-1"]
[WhiteElo "2161"]
[BlackElo "2171"]

1.d4 Nf6 2.Nf3 g6 3.g3 Bg7 4.Bg2 O-O 5.O-O d6 6.c4 Nc6 7.Nc3 a6 8.e4 Rb8 9.Qe2
Bg4 10.Be3 Nd7 11.Rfd1 e5 12.dxe5 Ndxe5 13.h3 Nxf3+ 14.Bxf3 Bxh3 15.c5 Ne5
16.cxd6 cxd6 17.Bc5 Qf6 18.Bxd6 Nxf3+ 19.Kh1 Nd4 20.e5 Qxd6 21.exd6 Nxe2
22.Nxe2 Bg4 {#R} 0-1

[Event "Ch Russia (juniors) (under 18) (g)"]
[Site "masterchessopen.com Dagomys (Russia)"]
[Round "0"]
[White "Kirsanova Ekaterina (RUS)"]
[Black "Kariakina Marina (RUS)"]
[Result "1-0"]
[WhiteElo "2129"]
[BlackElo "2089"]

1.d4 Nf6 2.c4 g6 3.Nf3 Bg7 4.g3 O-O 5.Bg2 d6 6.O-O Nc6 7.Nc3 a6 8.b3 Rb8 9.Bb2
b5 10.cxb5 axb5 11.Qc2 Nb4 12.Qd2 c5 13.Rfd1 Bf5 14.dxc5 dxc5 15.Qxd8 Rfxd8
16.Rxd8+ Rxd8 17.Nxb5 Nc2 18.Rc1 Bh6 19.Rf1 Ne4 20.h3 Ra8 21.a4 c4 22.g4 Bd7
23.Ne5 Bxb5 24.Bxe4 Rb8 25.axb5 {#r} 1-0

[Event "Ch Austria (juniors) (under 16)"]
[Site "masterchessopen.com Illmitz (Austria))"]
[Date "2004.04.04"]
[Round "2"]
[White "Pirker Christian (AUT)"]
[Black "Pachta Paul (AUT)"]
[Result "0-1"]
[WhiteElo "2062"]
[BlackElo "2159"]

1.d4 Nf6 2.g3 g6 3.Bg2 Bg7 4.Nf3 O-O 5.O-O d6 6.c4 Nc6 7.Nc3 a6 8.Bg5 h6
9.Bxf6 Bxf6 10.Qd2 Kh7 11.d5 Na5 12.Qd3 c5 13.Rac1 Rb8 14.Nd2 Bd7 15.b3 b5
16.Rb1 Qc7 17.e4 Rb7 18.Ne2 Rfb8 19.Rfc1 bxc4 20.bxc4 Rb2 21.Rxb2 Rxb2 22.Rc2
Qb8 23.Nc1 Ba4 24.Ncb3 Rxc2 25.Qxc2 Qb4 26.Qd3 Bxb3 27.Nxb3 Nxc4 28.Bf1 Ne5
29.Qe2 c4 30.Nd2 Qxd2 {#R} 0-1

[Event "It (open)"]
[Site "masterchessopen.com Dubai (United Arab Emirates)"]
[Date "2004.04.21"]
[Round "3"]
[White "Simonsen Hans Kristian (FAI)"]
[Black "Al Sayed Mohamad N (QAT)"]
[Result "0-1"]
[WhiteElo "2293"]
[BlackElo "2454"]

1.Nf3 Nf6 2.g3 g6 3.Bg2 Bg7 4.d4 O-O 5.c4 d6 6.O-O Nc6 7.Nc3 a6 8.b3 Rb8 9.Nd5
Nh5 10.Bb2 e6 11.Nc3 b5 12.cxb5 axb5 13.Rc1 Bd7 14.Qd2 Nf6 15.Rfd1 Ne7 16.Ne1
Bc6 17.Bxc6 Nxc6 18.Nxb5 Rxb5 19.Rxc6 Qa8 20.Rxc7 Qxa2 21.Nd3 Qxb3 22.Ra1 Qd5
23.Raa7 Ne4 24.Qf4 Ng5 25.Qh4 Rxb2 26.Nxb2 Bxd4 27.Nd3 Rb8 28.e4 Qb5 29.Kg2
Bxa7 {#R} 0-1

[Event "It (open)"]
[Site "masterchessopen.com Dubai (United Arab Emirates)"]
[Date "2004.04.23"]
[Round "5"]
[White "Wahono Awam (INA)"]
[Black "Efimenko Zahar (UKR)"]
[Result "0-1"]
[WhiteElo "2391"]
[BlackElo "2594"]

1.d4 Nf6 2.Nf3 g6 3.c4 Bg7 4.Nc3 d6 5.g3 O-O 6.Bg2 Nc6 7.O-O a6 8.b3 Rb8 9.Bb2
b5 10.cxb5 axb5 11.d5 Na5 12.e3 Bb7 13.Ne1 b4 14.Ne2 c5 15.dxc6 Bxc6 16.Bxc6
Nxc6 17.Nd4 Na7 18.Nd3 e5 19.Ne2 Nc6 20.Qe1 Qb6 21.e4 Rfe8 {#R} 0-1

[Event "Ch Russia (students)"]
[Site "masterchessopen.com Ufa (Russia)"]
[Date "2004.05.05"]
[Round "1"]
[White "Khismatullin Denis (RUS)"]
[Black "Zverev Artem (RUS)"]
[Result "1-0"]
[WhiteElo "2552"]
[BlackElo "2114"]

1.d4 Nf6 2.Nf3 g6 3.c4 Bg7 4.g3 O-O 5.Bg2 d6 6.O-O Nc6 7.Nc3 a6 8.h3 Rb8 9.e4
b5 10.e5 Nd7 11.e6 fxe6 12.d5 Nce5 13.Nd4 Nb6 14.f4 c5 15.dxc6 Nbxc4 16.fxe5
Rxf1+ 17.Qxf1 Qb6 18.Qf2 Nxe5 19.Be3 Nd3 20.Nf5 Nxf2 21.Nxe7+ Kf7 22.Bxb6
Nxh3+ 23.Bxh3 Kxe7 24.Bc7 Ra8 25.Re1 Bxc3 26.bxc3 e5 27.Bg2 Bg4 28.Ba5 Rf8
29.a4 {#r} 1-0

[Event "Memorial J.Capablanca (c) (cat.8)"]
[Site "masterchessopen.com Habana (Cuba)"]
[Date "2004.05.15"]
[Round "9"]
[White "Perea Osmany (CUB)"]
[Black "Borriss Martin (GER)"]
[Result "0-1"]
[WhiteElo "2372"]
[BlackElo "2439"]

1.d4 Nf6 2.Nf3 g6 3.c4 Bg7 4.g3 O-O 5.Bg2 d6 6.Nc3 Nc6 7.O-O a6 8.h3 Rb8 9.Be3
e6 10.Rc1 Ne7 11.Bd2 b5 12.cxb5 axb5 13.Qc2 Bb7 14.Rfe1 b4 15.Na4 Ne4 16.Bxb4
Nxg3 17.Ba3 Ngf5 18.Qxc7 Qe8 19.b3 Nd5 20.Qc4 Rc8 {#R} 0-1

[Event "It (open) \"]
[Site "masterchessopen.com Pardubice (Czech Republic)"]
[Round "4"]
[White "Borovikov Vladislav (UKR)"]
[Black "Simek Petr (CZE)"]
[Result "1-0"]
[WhiteElo "2586"]
[BlackElo "2199"]

1.d4 Nf6 2.Nf3 g6 3.c4 Bg7 4.g3 O-O 5.Bg2 d6 6.O-O Nc6 7.Nc3 a6 8.Qd3 Nd7
9.Be3 e5 10.Qd2 exd4 11.Nxd4 Nde5 12.b3 Rb8 13.Rad1 Bd7 14.h3 Ne7 15.Bh6 N5c6
16.Bxg7 Kxg7 17.e4 h6 18.Kh2 Kh7 19.Nde2 Be6 20.Qb2 Qc8 21.f4 f5 22.Nd5 Ng8
23.exf5 Bxf5 24.g4 Be6 25.Ng3 Bxd5 26.cxd5 Nce7 27.f5 gxf5 28.Nh5 Rf7 29.gxf5
{#r} 1-0

[Event "It \"]
[Site "masterchessopen.com Copenhagen (Denmark)"]
[Date "2004.07.24"]
[Round "1"]
[White "Christensen Aage Niels (DEN)"]
[Black "Holst Conny (SWE)"]
[Result "0-1"]
[WhiteElo "1890"]
[BlackElo "2163"]

1.Nf3 Nf6 2.c4 g6 3.g3 Bg7 4.Bg2 O-O 5.O-O d6 6.d4 Nc6 7.Nc3 a6 8.e4 Bg4 9.h3
Bxf3 10.Bxf3 e5 11.d5 Nd4 12.Bg2 c5 13.Be3 Nd7 14.Qd2 Rb8 15.Rab1 b5 16.cxb5
axb5 17.b3 Qa5 18.Rfe1 Nb6 19.Ne2 Qa6 20.Rec1 Ra8 21.Rb2 Rfc8 22.Kh2 Rc7
23.Bxd4 exd4 24.Rbc2 Re7 25.Bf3 Nd7 26.Bg2 b4 27.f4 d3 {#R} 0-1

[Event "It \"]
[Site "masterchessopen.com Copenhagen (Denmark)"]
[Date "2004.07.24"]
[Round "1"]
[White "Tuomainen Jari (SWE)"]
[Black "Sagafos Magne (NOR)"]
[Result "0-1"]
[WhiteElo "2054"]
[BlackElo "2244"]

1.Nf3 g6 2.d4 Bg7 3.g3 Nf6 4.Bg2 O-O 5.O-O d6 6.c4 Nc6 7.Nc3 a6 8.Bg5 h6
9.Bxf6 Bxf6 10.e3 Rb8 11.Nd2 Bd7 12.a4 e5 13.d5 Nb4 14.e4 c5 15.Qe2 Nc2 16.Ra2
Nb4 17.Raa1 Nc2 18.Ra2 Nd4 19.Qd1 Qa5 20.Ne2 b5 21.Nxd4 exd4 22.b3 bxa4
23.bxa4 Rb4 24.Nb3 Qc7 25.Qc2 Bxa4 26.Rb1 Rfb8 {#R} 0-1

[Event "Ch SCG (team)"]
[Site "masterchessopen.com Budva (Yugoslavia)"]
[Date "2004.09.13"]
[Round "6"]
[White "Lekic Dusan (MNE)"]
[Black "Djukic Nikola (MNE)"]
[Result "0-1"]
[WhiteElo "2378"]
[BlackElo "2462"]

1.d4 Nf6 2.c4 g6 3.Nf3 Bg7 4.g3 O-O 5.Bg2 d6 6.O-O Nc6 7.Nc3 a6 8.Re1 Re8 9.d5
Na5 10.Qd3 c5 11.Rb1 e6 12.Bg5 h6 13.Bxf6 Qxf6 14.a3 exd5 15.Nxd5 Qd8 16.b4
Nc6 17.b5 axb5 18.cxb5 Nd4 19.Nd2 Bf5 20.Be4 c4 {#R} 0-1

[Event "Memorial Stepanov (open)"]
[Site "masterchessopen.com Krasnodar (Russia)"]
[Round "2"]
[White "Pudovkin Dmitry (RUS)"]
[Black "Tseshkovsky Vitaly (RUS)"]
[Result "0-1"]
[WhiteElo "2320"]
[BlackElo "2577"]

1.d4 Nf6 2.Nf3 g6 3.g3 Bg7 4.Bg2 O-O 5.O-O d6 6.c4 Nc6 7.Nc3 a6 8.b3 Rb8 9.a4
Bg4 10.h3 Bxf3 11.Bxf3 Nd7 12.e3 e5 13.dxe5 Ncxe5 14.Bb2 Nxf3+ 15.Qxf3 Nc5
16.Ra3 c6 17.Rd1 Qa5 18.e4 Rbe8 19.Rd2 f5 20.e5 Bxe5 {#R} 0-1